| 000 | nam a22 7a 4500 | ||
|---|---|---|---|
| 999 |
_c153397 _d153395 |
||
| 005 | 20191210133011.0 | ||
| 008 | 191210b sp ||||| |||| 00| 0 spa d | ||
| 020 | _a8441514119 | ||
| 050 | 0 | 4 |
_aTA647 _bM36 2002 |
| 245 | 0 | 0 | _aManual fundamental de Tricalc |
| 250 | _a1a ed. | ||
| 260 |
_aMadrid : _bAnaya Multimedia, _c2002 |
||
| 300 |
_a623 p.: _bil.; _c22 cm. |
||
| 490 | 0 | _aManual fundamental | |
| 504 | _aIncluye apéndice | ||
| 505 | _aen la portada del libro dice: Tricalc calculo de estructuras tridimensionales | ||
| 650 | 4 | _aTricalc (Programa para computadora) | |
| 650 | 7 |
_2lemb _aDiseño de estructuras _xProcesamiento de datos |
|
| 650 | 7 |
_2lemb _aAnálisis estructural (Ingeniería) _xProcesamiento de datos |
|
| 650 | 7 |
_2lemb _aAnálisis estructural (Ingenieria) _xProgramas para computadoras |
|
| 650 | 7 |
_2lemb _aAnálisis estructural (Ingeniería) _xTablas, calculos, etc. |
|
| 650 | 7 |
_2lemb _aIngeniería estructural |
|
| 942 |
_2lcc _cLIB |
||